| 000 | 00370nam a2200157Ia 4500 | ||
|---|---|---|---|
| 008 | 230524s9999 xx 000 0 und d | ||
| 082 |
_a621.3821 _bSHA |
||
| 100 | _aP.C.Sharma | ||
| 245 | 0 | _aPower Plant Engineering | |
| 250 | _a7TH | ||
| 260 |
_aNEW DELHI _bKataria _c2003 |
||
| 300 | _a810+V | ||
| 500 | _aQuantity Number: 2 | ||
| 650 | _aElectrical | ||
| 942 | _cBK | ||
| 999 |
_c20390 _d20390 |
||